Úloha špeciálnej didaktiky v príprave učiteľov
Špeciálne didaktiky objavujú zákonitosti, určujú obsah, skúmajú organizačné normy, metódy a prostriedky vyučovania jednotlivých vyučovacích predmetov. Zaoberajú sa aj výchovnými postupmi, svojou vlastnou výstavbou, metodológiou, históriou a súčasne sa snažia priviesť najlepších učiteľov k vedeckej č...
Salvato in:
| Autore principale: | |
|---|---|
| Natura: | Capitolo di libro |
| Lingua: | slovacco |
| Soggetti: | |
| Tags: |
Nessun Tag, puoi essere il primo ad aggiungerne!!
|
MARC
| LEADER | 00000nla$a2200000$$$4500 | ||
|---|---|---|---|
| 001 | 0082977 | ||
| 005 | 20240502071931.6 | ||
| 041 | 0 | |a slo | |
| 044 | |a SK | ||
| 245 | 1 | 0 | |a Úloha špeciálnej didaktiky v príprave učiteľov |c Darina Orbánová |
| 520 | |a Špeciálne didaktiky objavujú zákonitosti, určujú obsah, skúmajú organizačné normy, metódy a prostriedky vyučovania jednotlivých vyučovacích predmetov. Zaoberajú sa aj výchovnými postupmi, svojou vlastnou výstavbou, metodológiou, históriou a súčasne sa snažia priviesť najlepších učiteľov k vedeckej činnosti, aby prispeli svojimi skúsenosťami ku skvalitneniu vyučovacieho procesu. | ||
| 610 | 2 | 0 | |a didaktika |
| 610 | 2 | 0 | |a učitelia |
| 610 | 2 | 0 | |a vyučovanie |
| 610 | 2 | 0 | |a štúdium vysokoškolské |
| 100 | 1 | |a Orbánová, Darina | |